00583cam a22002171 4500001001300000003000400013005001700017008004100034010001700075035002000092040001800112042001200130050001500142100005800157245003300215260001100248300002700259500001500286600004700301999001700348ne 67000536 DLC20260227111830.0890402s1957 xx a 000 0 per  ane 67000536  a(OCoLC)23555439 aDLCcMiUdDLC apremarc00aDS294b.S22 aṢanʻatīźādah Kirmānī, ʻAbd al-Ḥusayn.10aNādir fātiḥ-i Dihlī. c[1957] a500 p.billus.c25 cm. aRomanized.00aNādir Shāh,cShah of Iran,d1688-1747. c49466d49466